000 00998nam a22002777a 4500
001 5520
003 FISKH
005 20241216124612.0
008 241216b cb ||||| |||| 00| 0 eng d
020 _a9780531186008
040 _aFISKH
_beng
_cFISKH
_dFISKH
050 _aQL756.57
082 _a591.5
100 _aFredericks, Anthony D.
245 _aCannibal animals :
_banimals that eat their own kind /
_cby Anthony D. Fredericks
260 _aNew York :
_bFranklin Watts ;
_c1999 .
300 _a63 pages :
_bcolor illustrations ;
_c24 cm .
505 _aS
520 _aDescribes the reasons for and instances of cannibalistic behavior in a variety of animals, including guppies, black widow spiders, sharks, gerbils, and brown bears.
521 8 _a790
_bLexile estimate
521 8 _aS
_bRaz-Plus
650 _aCannibalism in animals
_vJuvenile literature
650 _aanimals- Habits and behavior
_vJuvenile literature
942 _2ddc
_cBK
_n0
999 _c5520
_d5520